EÚ ako otvorená cesta restoratívnej justície

Právo EÚ a justičná spolupráca v trestných veciach. Restoratívna justícia v právnej úprave.

Na minha lista:
Detalhes bibliográficos
Autor principal: Kurilovská, Lucia
Outros Autores: Lenhartová, Katarína
Formato: Capítulo de Livro
Idioma:eslovaco
Assuntos:
Tags: Adicionar Tag
Sem tags, seja o primeiro a adicionar uma tag!

MARC

LEADER 00000naa a2200000 4500
001 0169786
005 20231208095915.8
041 0 |a slo 
044 |a SK 
245 1 0 |a EÚ ako otvorená cesta restoratívnej justície  |c Lucia Kurilovská, Katarína Lenhartová 
520 |a Právo EÚ a justičná spolupráca v trestných veciach. Restoratívna justícia v právnej úprave. 
610 2 0 |a právo európske 
610 2 0 |a Európska únia 
610 2 0 |a orgány štátne 
100 1 |a Kurilovská, Lucia 
700 1 |a Lenhartová, Katarína